000 00457nam a2200181Ia 4500
001 9637
005 20260306161733.0
008 260306t2006||||xx |||||||||||||| ||spa||
041 _aESP
082 _a384.04
_bS743 2006
100 _aSherif, Mostafa Hashem
_eAUT
245 0 _aManaging projects in telecommunication services
260 _c2006
300 _axvii, 247 páginas :
_c26 cm.
650 _aGEN
654 _aCAN
942 _cLIB
_dJUS
_fJUS
_2ddc
_n
999 _c9637
_d9637